{"text_format":"3","workbook":"xlsx","n_sheets":1,"sheets":["合同包分类"],"not_rendered":{"defined_names":1},"read":"whole","date_system":"1900"}

{"sheet":"合同包分类","index":0,"n_rows":107,"n_cols":8,"rows_kept":107,"merged":[[1,6,13,6],[1,7,13,7],[14,6,27,6],[14,7,27,7],[28,6,102,6],[28,7,102,7]]}
["料号","品名","单位","限价","总数量","总金额","合同包","合同包金额"]
[7801500036,"无尘安全鞋","双",85.56,36,{"$f":"E2*D2","v":{"v":3080.16,"d":"3,080.16"}},"合同包1（无尘鞋,服,布类）",{"$f":"SUM(F2:F14)","v":{"v":785718.219,"d":"785,718.22"}}]
[7801500066,"无尘服","个",{"v":33.20100000000001,"d":"33.20"},1800,{"$f":"E3*D3","v":{"v":59761.80000000001,"d":"59,761.80"}}]
[7801500047,"无尘鞋","个",29.76,1800,{"v":53568,"d":"53,568.00"}]
[7899901469,"橡胶雨鞋","双",20.46,23,{"v":470.58000000000004,"d":"470.58"}]
[7801201126,"长筒安全鞋","双",{"v":80.91000000000001,"d":"80.91"},716,{"v":57931.560000000005,"d":"57,931.56"}]
[7801201125,"长筒无尘鞋","双",{"v":26.970000000000002,"d":"26.97"},602,{"v":16235.940000000002,"d":"16,235.94"}]
[7801501329,"连体服","件",{"v":45.830400000000004,"d":"45.83"},1165,{"v":53392.416000000005,"d":"53,392.42"}]
[7800901186,"1000级无尘布-地板清洁用 W200MM*L650MM 25PC","包",{"v":18.786,"d":"18.79"},3288,{"v":61768.368,"d":"61,768.37"}]
[7800901183,"1000级无尘擦拭布 300*300MM","片",{"v":0.2325,"d":"0.23"},9600,{"v":2232,"d":"2,232.00"}]
[7800901185,"100级无尘擦拭布 228*228MM","片",{"v":0.465,"d":"0.47"},997200,{"v":463698,"d":"463,698.00"}]
[7800601143,"大卷工业擦拭布250MM*380MM(白色) 500PC/RL","卷",{"v":84.63000000000001,"d":"84.63"},2,{"v":169.26000000000002,"d":"169.26"}]
[7800600005,"破布","公斤",{"v":3.6270000000000002,"d":"3.63"},5,{"v":18.135,"d":"18.14"}]
[7800901191,"无尘擦拭布 800*500MM 100级","片",{"v":4.464,"d":"4.46"},3000,{"v":13392.000000000002,"d":"13,392.00"}]
[7801401239,"超厚型耐酸硷手套 橙色 50双/包","包",{"v":93,"d":"93.00"},72,{"v":6696,"d":"6,696.00"},"合同包2（手套类）",{"$f":"SUM(F15:F28)","v":{"v":928863.4098000001,"d":"928,863.41"}}]
[7801401293,"盯睛手套“L”","双",{"v":0.41850000000000004,"d":"0.42"},192000,{"v":80352.00000000001,"d":"80,352.00"}]
[7801401105,"盯睛手套“M”","双",{"v":0.41850000000000004,"d":"0.42"},240000,{"v":100440.00000000001,"d":"100,440.00"}]
[7801401104,"盯睛手套“S”","双",{"v":0.41850000000000004,"d":"0.42"},240000,{"v":100440.00000000001,"d":"100,440.00"}]
[7801401162,"防静电手套","双",1.86,1412,{"v":2626.32,"d":"2,626.32"}]
[7801400043,"防静电手指套","包",{"v":24.645,"d":"24.65"},12,295.74]
[7801400044,"防静电手指套（防腐蚀黑色）中小用","包",39.99,360,{"v":14396.400000000001,"d":"14,396.40"}]
[7801400051,"乳胶手套","双",{"v":1.116,"d":"1.12"},136928,{"v":152811.64800000002,"d":"152,811.65"}]
[7801401238,"乳胶手套 加厚款","双",{"v":1.7391,"d":"1.74"},43200,{"v":75129.12000000001,"d":"75,129.12"}]
[7801400031,"PVC手套 12” 500PR","箱",332.01,{"v":1184.1799999999998,"d":"1184"},{"v":393159.60179999995,"d":"393,159.60"}]
[7801400012,"棉纱手套","双",{"v":0.651,"d":"0.65"},60,39.06]
[7801400037,"无尘手套(L)","双",{"v":1.3764,"d":"1.38"},960,{"v":1321.344,"d":"1,321.34"}]
[7801400038,"无尘手套(M)","双",{"v":1.3764,"d":"1.38"},600,825.84]
[7801400039,"无尘手套(S)","双",{"v":1.3764,"d":"1.38"},240,{"v":330.336,"d":"330.34"}]
[7899901613,"IIMARK （外碳）110MM 450MM","个",{"v":113.66460000000001,"d":"113.66"},120,{"v":13639.752,"d":"13,639.75"},"合同包3（杂项类）",{"$f":"SUM(F29:F103)","v":{"v":372179.5737000001,"d":"372,179.57"}}]
[7899901615,"KURZ SP-330 60MM 300M 树脂（内碳）","个",{"v":43.7193,"d":"43.72"},120,{"v":5246.316,"d":"5,246.32"}]
[7899901614,"KURZ SP-330 60MM 300M 树脂（外碳）","个",{"v":43.7193,"d":"43.72"},120,{"v":5246.316,"d":"5,246.32"}]
[7800301324,"白色地板胶 100MM*25M","卷",{"v":7.951500000000001,"d":"7.95"},72,{"v":572.508,"d":"572.51"}]
[7800301321,"白色地板胶 40MM*25M","卷",{"v":3.3945000000000003,"d":"3.39"},72,{"v":244.40400000000002,"d":"244.40"}]
[7800301242,"斑马胶带-PE管 50MM*50M","卷",{"v":8.184000000000001,"d":"8.18"},484,{"v":3961.0560000000005,"d":"3,961.06"}]
[7800401199,"标签色带 12MM","卷",{"v":11.811,"d":"11.81"},24,{"v":283.464,"d":"283.46"}]
[7800401200,"标签色带 18MM","卷",{"v":21.111,"d":"21.11"},324,{"v":6839.964,"d":"6,839.96"}]
[7800300040,"地板胶带 W50MM*L33M","卷",{"v":7.998,"d":"8.00"},1252,{"v":10013.496000000001,"d":"10,013.50"}]
[7800300063,"地板胶带 黑黄","卷",{"v":4.11525,"d":"4.12"},480,{"v":1975.3199999999997,"d":"1,975.32"}]
[7800300057,"地板胶带 红　　","卷",{"v":4.11525,"d":"4.12"},130,{"v":534.9825,"d":"534.98"}]
[7800301564,"地板胶带 红（12MM*25M)","卷",{"v":1.4694,"d":"1.47"},120,{"v":176.328,"d":"176.33"}]
[7800300062,"地板胶带 黄","卷",{"v":4.1385000000000005,"d":"4.14"},120,{"v":496.62000000000006,"d":"496.62"}]
[7800301244,"地板胶带 黄（12MM*25M)","卷",{"v":1.4694,"d":"1.47"},417,{"v":612.7398000000001,"d":"612.74"}]
[7800300072,"地板胶带 蓝　","卷",{"v":4.1385000000000005,"d":"4.14"},36,{"v":148.98600000000002,"d":"148.99"}]
[7800300070,"地板胶带 绿　　　　","卷",{"v":4.1385000000000005,"d":"4.14"},300,{"v":1241.5500000000002,"d":"1,241.55"}]
[7800301245,"地板胶带 绿(12MM*25M)","卷",{"v":1.4694,"d":"1.47"},117,{"v":171.9198,"d":"171.92"}]
[7800300069,"地板胶带 绿白","卷",{"v":4.1385000000000005,"d":"4.14"},120,{"v":496.62000000000006,"d":"496.62"}]
[7800301402,"防静电警示胶带 22000*480MM","卷",{"v":10.3323,"d":"10.33"},477,{"v":4928.5071,"d":"4,928.51"}]
[7800301322,"黑色地板胶 100MM*25M","卷",{"v":7.951500000000001,"d":"7.95"},72,{"v":572.508,"d":"572.51"}]
[7800301319,"黑色地板胶 40MM*25M","卷",{"v":3.3945000000000003,"d":"3.39"},72,{"v":244.40400000000002,"d":"244.40"}]
[7899901612,"理光B110A型碳带110MM 300M（内）","卷",{"v":125.0292,"d":"125.03"},120,{"v":15003.504,"d":"15,003.50"}]
[7899901611,"理光B110A型碳带110MM 300M(外）","卷",{"v":58.404,"d":"58.40"},144,{"v":8410.176000000001,"d":"8,410.18"}]
[7800300079,"美纹胶带12MM*55M","卷",{"v":3.8129999999999997,"d":"3.81"},1920,{"v":7320.959999999999,"d":"7,320.96"}]
[7800301540,"耐热胶带  宽100MM 长33M","卷",43.71,192,{"v":8392.32,"d":"8,392.32"}]
[7800301232,"耐热胶带(0.065MM*22MM*33M)121WB01","卷",{"v":8.9001,"d":"8.90"},24,{"v":213.6024,"d":"213.60"}]
[7800300059,"耐热胶带（18MM）","卷",{"v":7.4679,"d":"7.47"},112,{"v":836.4048,"d":"836.40"}]
[7800300047,"耐热胶带-金黄色 .6MM*W12MM*L33M","卷",{"v":6.138,"d":"6.14"},126,{"v":773.388,"d":"773.39"}]
[7800301542,"耐热胶带-金黄色 0.06MM*W30MM*L33M","卷",{"v":12.555000000000001,"d":"12.56"},160,{"v":2008.8000000000002,"d":"2,008.80"}]
[7800300038,"双面胶带 W10MM*L33M","卷",{"v":3.069,"d":"3.07"},116,{"v":356.004,"d":"356.00"}]
[7800401033,"碳带 W110MM*L300M","卷",{"v":35.153999999999996,"d":"35.15"},84,{"v":2952.9359999999997,"d":"2,952.94"}]
[7800301401,"透明封箱胶带 L500000*W60MM","卷",{"v":17.465400000000002,"d":"17.47"},204,{"v":3562.9416000000006,"d":"3,562.94"}]
[7800300035,"透明胶带-PE管 W60MM*L50Y","卷",{"v":3.3480000000000003,"d":"3.35"},22,{"v":73.656,"d":"73.66"}]
[7800201183,"4层感压纸 W120MM*L180MM","张",{"v":0.4371,"d":"0.44"},3000,{"v":1311.3,"d":"1,311.30"}]
[7800701174,"4寸粘尘滚轮无手柄","个",{"v":55.800000000000004,"d":"55.80"},16,{"v":892.8000000000001,"d":"892.80"}]
[7801501322,"PVC尘网袋 17寸挎包 背带包","个",{"v":27.0816,"d":"27.08"},46,{"v":1245.7536,"d":"1,245.75"}]
[7800701312,"3M菜瓜布 W120MM*L200MM","片",{"v":1.9530000000000003,"d":"1.95"},420,{"v":820.2600000000001,"d":"820.26"}]
[null,"3M菜瓜布 红色","个",{"v":1.5252,"d":"1.53"},1200,{"v":1830.2399999999998,"d":"1,830.24"}]
[7800700014,"畚斗-塑料制","把",{"v":4.1850000000000005,"d":"4.19"},11,{"$f":"E67*D67","v":{"v":46.035000000000004,"d":"46.04"}}]
[7801301327,"标签纸 W60MM*L30MM","卷",{"v":11.811,"d":"11.81"},72,{"v":850.392,"d":"850.39"}]
[7899901470,"反光雨衣 YHM_62005","件",64.17,34,{"v":2181.78,"d":"2,181.78"}]
[7800301530,"复印纸 A4 500张/包","包",{"v":16.0146,"d":"16.01"},240,{"v":3843.5040000000004,"d":"3,843.50"}]
[7800701375,"花王厨房清洁剂 500ML","个",36.27,240,{"v":8704.800000000001,"d":"8,704.80"}]
[7801000003,"活性碳口罩 50PC","包",12.09,550,{"v":6649.5,"d":"6,649.50"}]
[7899901325,"尖嘴瓶 ","个",{"v":1.0881,"d":"1.09"},180,{"v":195.858,"d":"195.86"}]
[7800800002,"脚踏黏垫 24”*36” 30PC","包",{"v":10.602,"d":"10.60"},1720,{"v":18235.440000000002,"d":"18,235.44"}]
[7800701233,"净化棉签 HUBY-340 CA-002  (每包20个)","包",{"v":2.1855,"d":"2.19"},120,{"v":262.26000000000005,"d":"262.26"}]
[7800700045,"棉花棒","包",{"v":1.0230000000000001,"d":"1.02"},120,{"v":122.76000000000002,"d":"122.76"}]
[7899900070,"抛弃式发帽 100PC","包",{"v":8.556,"d":"8.56"},4008,{"v":34292.448,"d":"34,292.45"}]
[7801000004,"抛弃式口罩 50PC","包",5.58,{"v":10580.719999999998,"d":"10581"},{"v":59040.417599999986,"d":"59,040.42"}]
[7801000012,"抛弃式口罩 中小用","个",{"v":0.09300000000000001,"d":"0.09"},360000,{"v":33480.00000000001,"d":"33,480.00"}]
[7899901616,"普通工业垃圾袋130*130 白色78g（生产，5000个起订）","个",{"v":0.8091,"d":"0.81"},36000,{"v":29127.600000000002,"d":"29,127.60"}]
[7899901617,"普通工业垃圾袋80*104 白色36g（生产，5000个起订）","个",{"v":0.4557,"d":"0.46"},12000,{"v":5468.4,"d":"5,468.40"}]
[7800201247,"热敏标签纸 70*50MM","卷",{"v":12.555000000000001,"d":"12.56"},240,{"v":3013.2000000000003,"d":"3,013.20"}]
[7899901350,"溶剂分装瓶","个",{"v":6.9750000000000005,"d":"6.98"},600,{"v":4185,"d":"4,185.00"}]
[7899901382,"溶剂瓶盖","个",{"v":6.045,"d":"6.05"},240,{"v":1450.8,"d":"1,450.80"}]
[7800700001,"扫把-尼龙","把",{"v":4.5104999999999995,"d":"4.51"},19,{"v":85.69949999999999,"d":"85.70"}]
[7800700016,"水桶 20L","个",{"v":7.905,"d":"7.91"},13,{"v":102.765,"d":"102.77"}]
[7801301320,"条码标签纸 100*90MM","卷",{"v":31.248000000000005,"d":"31.25"},80,{"v":2499.84,"d":"2,499.84"}]
[7801300014,"条形码标签-收料用 W110MM*L170MM","卷",38.13,16,610.08]
[7899901586,"弯嘴冲洗瓶 500ml 聚乙烯","个",{"v":18.6,"d":"18.60"},84,{"v":1562.4,"d":"1,562.40"}]
[7801500046,"无尘帽","个",{"v":6.417000000000001,"d":"6.42"},1800,{"v":11550.6,"d":"11,550.60"}]
[7800701230,"无尘拖把 (海棉头)","个",{"v":19.158,"d":"19.16"},4,{"v":76.632,"d":"76.63"}]
[7899900026,"洗涤瓶（250ML)   中小用","个",{"v":6.510000000000001,"d":"6.51"},120,{"v":781.2,"d":"781.20"}]
[7800701324,"洗手液 500ML 瓶装 按压式","个",{"v":13.020000000000001,"d":"13.02"},21,273.42]
[7800701321,"小号防化垃圾袋 490MM*760MM","个",{"v":4.464,"d":"4.46"},1394,{"v":6222.816000000001,"d":"6,222.82"}]
[7800701385,"小号尖头棉签（直径2.2mm）","包",1.86,2400,{"v":4464,"d":"4,464.00"}]
[7801500055,"袖标","个",{"v":4.557,"d":"4.56"},240,{"v":1093.68,"d":"1,093.68"}]
[7801301336,"颜色收料标签 100*55MM","卷",{"v":52.452,"d":"52.45"},120,{"v":6294.24,"d":"6,294.24"}]
[7899900001,"衣架 42CM","个",{"v":2.0460000000000003,"d":"2.05"},360,{"v":736.5600000000001,"d":"736.56"}]
[7899901556,"油性笔 TM-001 雄狮","只",{"v":2.3436000000000003,"d":"2.34"},40,{"v":93.74400000000001,"d":"93.74"}]
[7800701376,"圆扁头无尘布棉签（每包100个）","包",{"v":26.040000000000003,"d":"26.04"},36,937.44]
[7800800006,"粘踏垫　　　　　　","个",15.81,240,{"v":3794.4,"d":"3,794.40"}]
[7800701320,"中号防化垃圾袋 850MM*1200MM","个",{"v":10.416,"d":"10.42"},290,{"v":3020.6400000000003,"d":"3,020.64"}]
[7899900069,"抛弃式鞋套 50PC","包",{"v":4.1850000000000005,"d":"4.19"},759,{"v":3176.4150000000004,"d":"3,176.42"}]
[]
[null,"评标方式：按合同包，每个合同包综合评分法"]
[null,"报名请注明报名合同包名称，请报名合同包1，合同包2。"]
[null,"合同包3 已开标请勿报名"]